Normal view
MARC view
Entry Personal Name
001 - CONTROL NUMBER
- control field: 8850
003 - CONTROL NUMBER IDENTIFIER
- control field: BD-RjUL
005 - DATE AND TIME OF LATEST TRANSACTION
- control field: 20230909154347.0
008 - FIXED-LENGTH DATA ELEMENTS
- fixed length control field: 230909|| aca||aabn | a|a d
040 ## - CATALOGING SOURCE
- Original cataloging agency: BD-RjUL
- Transcribing agency: BD-RjUL
100 ## - HEADING--PERSONAL NAME
- Personal name: Rahman, A.H.M. Mahbubur, Supervisor
670 ## - SOURCE DATA FOUND
- Source citation: Work cat.: (BD-RjUL)81872: Rani, Rony 8848, Taxonomic diversity of angiosperms in Rajshahi region /, 2021